Vista normal
Vista MARC
Entrada Personal Name
Número de registros utilizados en: 8
001 - CONTROL NUMBER
- control field: 147
003 - CONTROL NUMBER IDENTIFIER
- control field: OSt
005 - DATE AND TIME OF LATEST TRANSACTION
- control field: 20110708094744.0
008 - FIXED-LENGTH DATA ELEMENTS
- fixed length control field: 110708|||a|||||| | ||| d
040 ## - CATALOGING SOURCE
- Original cataloging agency: OSt
- Transcribing agency: OSt
100 ## - HEADING--PERSONAL NAME
- Personal name: Netter, Frank H.
670 ## - SOURCE DATA FOUND
- Source citation: Work cat.: (OSt)157: Netter, Frank H., Atlas de Anatomía Humana / , 1996.